[Event "Balti Hohlov Memorial"]
[Site "Balti"]
[Date "2015.01.06"]
[Round "8"]
[White "Coset, Alexandr"]
[Black "Itkis, Boris"]
[Result "1/2-1/2"]
[WhiteElo "2241"]
[BlackElo "2346"]
[PlyCount "64"]
[EventDate "2015.01.02"]
[EventType "tourn"]
[EventRounds "9"]
[EventCountry "MDA"]
[EventCategory "1"]
[SourceTitle "CBM 164 Extra"]
[Source "ChessBase"]
[SourceDate "2015.03.02"]
[SourceVersion "1"]
[SourceVersionDate "2015.03.02"]
[SourceQuality "1"]

1. c4 e6 2. Nc3 b6 3. e4 Bb7 4. Nf3 Bb4 5. d3 Ne7 6. Be2 0-0 7. 0-0 f5 8. e5 Ng6 9. d4 Nc6 10. Re1 d6 11. exd6 Qxd6 12. a3 Bxc3 13. bxc3 e5 14. c5 bxc5 15. dxe5 Ncxe5 16. Nxe5 Nxe5 17. Bf4 Qc6 18. f3 Rad8 19. Qc2 Ng6 20. Bc4+ Kh8 21. Bg3 f4 22. Bf2 Bc8 23. Bd3 c4 24. Bxg6 hxg6 25. Bxa7 Bf5 26. Qf2 Kg8 27. Bd4 Rde8 28. Re5 Rf7 29. Rxe8+ Qxe8 30. Re1 Re7 31. Rxe7 Qxe7 32. a4 Qa3 1/2-1/2

[Event "Balti Hohlov Memorial"]
[Site "Balti"]
[Date "2015.01.05"]
[Round "7"]
[White "Bodnar, Nikolay"]
[Black "Coset, Alexandr"]
[Result "1-0"]
[WhiteElo "2437"]
[BlackElo "2241"]
[PlyCount "81"]
[EventDate "2015.01.02"]
[EventType "tourn"]
[EventRounds "9"]
[EventCountry "MDA"]
[EventCategory "1"]
[SourceTitle "CBM 164 Extra"]
[Source "ChessBase"]
[SourceDate "2015.03.02"]
[SourceVersion "1"]
[SourceVersionDate "2015.03.02"]
[SourceQuality "1"]

1. d4 d5 2. c4 dxc4 3. e4 Nc6 4. Be3 e5 5. d5 Nce7 6. Bxc4 a6 7. Qb3 Qd6 8. Nc3 Ng6 9. Nf3 Be7 10. 0-0 Nf6 11. Bd3 0-0 12. Na4 b6 13. Rac1 Bd7 14. a3 Nh5 15. g3 Rfc8 16. Rc2 Qf6 17. Be2 h6 18. Ne1 Nhf4 19. gxf4 exf4 20. Bd2 Nh4 21. Kh1 f3 22. Bd1 Bh3 23. Rg1 Bg2+ 24. Nxg2 fxg2+ 25. Rxg2 Nxg2 26. Kxg2 Qg6+ 27. Kh1 Qxe4+ 28. Bf3 Qh4 29. Kg2 Bd6 30. h3 Qf6 31. Qd3 Qe5 32. Kf1 Re8 33. Nc3 Qh2 34. Bg2 a5 35. Ne4 Re7 36. Nxd6 Qxd6 37. Qg3 Qxg3 38. fxg3 Rd8 39. Bf4 Rdd7 40. h4 f5 41. Rc6 1-0

[Event "Balti Hohlov Memorial"]
[Site "Balti"]
[Date "2015.01.02"]
[Round "1"]
[White "Matviishen, Viktor"]
[Black "Coset, Alexandr"]
[Result "1-0"]
[WhiteElo "2364"]
[BlackElo "2241"]
[PlyCount "73"]
[EventDate "2015.01.02"]
[EventType "tourn"]
[EventRounds "9"]
[EventCountry "MDA"]
[EventCategory "1"]
[SourceTitle "CBM 164 Extra"]
[Source "ChessBase"]
[SourceDate "2015.03.02"]
[SourceVersion "1"]
[SourceVersionDate "2015.03.02"]
[SourceQuality "1"]

1. d4 Nf6 2. Nf3 d5 3. c4 c6 4. cxd5 cxd5 5. Nc3 Nc6 6. Bf4 a6 7. e3 Bg4 8. h3 Bh5 9. g4 Bg6 10. Qb3 Na5 11. Qa4+ Nc6 12. Ne5 Qb6 13. Nxc6 bxc6 14. Qb3 Qxb3 15. axb3 e6 16. Rxa6 Rxa6 17. Bxa6 h5 18. g5 Ne4 19. Nxe4 Bxe4 20. 0-0 Kd7 21. Rc1 Bd6 22. Bb7 Bxf4 23. exf4 Rb8 24. Bxc6+ Kd6 25. Ba4 f6 26. Rc6+ Ke7 27. Rc7+ Kf8 28. f3 Bxf3 29. Kf2 Be4 30. h4 Rb4 31. Ke3 fxg5 32. fxg5 Kg8 33. Rc5 Bf5 34. Rb5 Rxb5 35. Bxb5 Kf7 36. Kf4 Bc2 37. b4 1-0

[Event "IBCA World Cup 6th"]
[Site "Calimanesti"]
[Date "2010.04.28"]
[Round "7.2"]
[White "Coset, Alexandr"]
[Black "Wassin, Sergej"]
[Result "1/2-1/2"]
[WhiteElo "2281"]
[BlackElo "2281"]
[PlyCount "74"]
[EventDate "2010.04.21"]
[EventType "team-tourn"]
[EventRounds "7"]
[EventCountry "ROU"]
[SourceTitle "EXT 2011"]
[Source "ChessBase"]
[SourceDate "2010.11.26"]
[SourceVersion "1"]
[SourceVersionDate "2010.11.26"]
[SourceQuality "1"]
[WhiteTeam "Moldova (blind)"]
[BlackTeam "Ukraine (blind)"]
[WhiteTeamCountry "MDA"]
[BlackTeamCountry "UKR"]

1. e4 c5 2. Nf3 e6 3. c4 Nc6 4. Nc3 Nf6 5. Be2 Qb6 6. 0-0 Be7 7. Re1 d6 8. Bf1 0-0 9. d3 Bd7 10. Rb1 h6 11. a3 a5 12. h3 e5 13. Nd5 Nxd5 14. exd5 Nd4 15. Nxd4 cxd4 16. b4 Qc7 17. f4 Bf6 18. fxe5 Bxe5 19. Qf3 axb4 20. axb4 Ra2 21. Re2 Rfa8 22. Rxa2 Rxa2 23. Bf4 f6 24. Bxe5 fxe5 25. Be2 Be8 26. Qe4 Qe7 27. Bg4 Qg5 28. Be6+ Kf8 29. Rf1+ Ke7 30. Kh2 Bg6 31. Bf5 Bh5 32. Bg4 Bxg4 33. hxg4 Qh4+ 34. Kg1 Qg3 35. Qf3 Qxf3 36. Rxf3 Rb2 37. b5 b6 1/2-1/2

[Event "IBCA-ol blind 13th"]
[Site "Heraklion"]
[Date "2008.10.28"]
[Round "9.2"]
[White "Studer, Werner"]
[Black "Coset, Alexandr"]
[Result "0-1"]
[WhiteElo "1400"]
[BlackElo "2295"]
[PlyCount "50"]
[EventDate "2008.10.19"]
[EventType "team-swiss"]
[EventRounds "9"]
[EventCountry "GRE"]
[SourceTitle "EXT 2010"]
[Source "ChessBase"]
[SourceDate "2010.11.25"]
[SourceVersion "1"]
[SourceVersionDate "2010.11.25"]
[SourceQuality "1"]
[WhiteTeam "Switzerland (blind)"]
[BlackTeam "Moldova (blind)"]
[WhiteTeamCountry "SUI"]
[BlackTeamCountry "MDA"]

1. e4 c5 2. Nf3 e6 3. d4 cxd4 4. Nxd4 Nc6 5. Nf3 Nf6 6. Bd3 d6 7. 0-0 Be7 8. Nc3 a6 9. a3 0-0 10. Re1 Qc7 11. Bf4 Ne5 12. Nxe5 dxe5 13. Be3 b5 14. Ne2 Ng4 15. Ng3 Nxe3 16. Rxe3 f5 17. Rf3 Bb7 18. Rc1 Bg5 19. Rb1 g6 20. c3 Rf7 21. h3 Raf8 22. Qb3 Qb6 23. a4 Bh4 24. Re1 Bxg3 25. Rxg3 fxe4 0-1

[Event "IBCA-ol blind 13th"]
[Site "Heraklion"]
[Date "2008.10.27"]
[Round "8.2"]
[White "Coset, Alexandr"]
[Black "Otero Munelo, Harlan Enrique"]
[Result "1/2-1/2"]
[WhiteElo "2295"]
[BlackElo "1400"]
[PlyCount "49"]
[EventDate "2008.10.19"]
[EventType "team-swiss"]
[EventRounds "9"]
[EventCountry "GRE"]
[SourceTitle "EXT 2010"]
[Source "ChessBase"]
[SourceDate "2010.11.25"]
[SourceVersion "1"]
[SourceVersionDate "2010.11.25"]
[SourceQuality "1"]
[WhiteTeam "Moldova (blind)"]
[BlackTeam "Venezuela (blind)"]
[WhiteTeamCountry "MDA"]
[BlackTeamCountry "VEN"]

1. e4 d5 2. exd5 Nf6 3. d4 Nxd5 4. c4 Nb6 5. Be3 g6 6. h3 Bg7 7. Nf3 0-0 8. Nc3 Nc6 9. Qd2 e5 10. d5 Ne7 11. g4 f5 12. Bh6 e4 13. Bxg7 Kxg7 14. Nd4 c6 15. gxf5 Nxf5 16. 0-0-0 cxd5 17. cxd5 Qf6 18. Nxe4 Qe5 19. Nxf5+ Bxf5 20. Nc3 Rac8 21. Qd4 Qxd4 22. Rxd4 Rf7 23. f4 Nxd5 24. Kd2 Nxc3 25. bxc3 1/2-1/2

[Event "IBCA-ol blind 13th"]
[Site "Heraklion"]
[Date "2008.10.25"]
[Round "6.2"]
[White "Coset, Alexandr"]
[Black "Vojan, Istvan"]
[Result "1/2-1/2"]
[WhiteElo "2295"]
[BlackElo "2036"]
[PlyCount "24"]
[EventDate "2008.10.19"]
[EventType "team-swiss"]
[EventRounds "9"]
[EventCountry "GRE"]
[SourceTitle "EXT 2010"]
[Source "ChessBase"]
[SourceDate "2010.11.25"]
[SourceVersion "1"]
[SourceVersionDate "2010.11.25"]
[SourceQuality "1"]
[WhiteTeam "Moldova (blind)"]
[BlackTeam "Hungary (blind)"]
[WhiteTeamCountry "MDA"]
[BlackTeamCountry "HUN"]

1. e4 d5 2. exd5 Qxd5 3. Nc3 Qa5 4. d4 Nf6 5. Bc4 Bg4 6. f3 Bf5 7. Nge2 Nc6 8. Bd2 Qb4 9. b3 Qd6 10. Nb5 Qd7 11. Bf4 Rc8 12. 0-0 a6 1/2-1/2

[Event "Toamna"]
[Site "Balti"]
[Date "2007.11.12"]
[Round "10"]
[White "Lazo, Xenia"]
[Black "Coset, Alexandr"]
[Result "0-1"]
[WhiteElo "2089"]
[BlackElo "2282"]
[PlyCount "90"]
[EventDate "2007.11.03"]
[EventType "tourn"]
[EventRounds "11"]
[EventCountry "MDA"]
[SourceTitle "EXT 2023"]
[Source "ChessBase"]
[SourceDate "2022.10.05"]
[SourceVersion "1"]
[SourceVersionDate "2022.10.05"]
[SourceQuality "1"]

1. d4 d5 2. c4 dxc4 3. Nf3 Be6 4. e3 c6 5. Ne5 b5 6. a4 f6 7. Nf3 Nd7 8. Nc3 b4 9. d5 cxd5 10. Nxd5 Nb6 11. Nxb4 Qxd1+ 12. Kxd1 a5 13. Nc2 Bd7 14. Ke1 e5 15. Na3 Rc8 16. Bd2 Bb4 17. Rc1 Be6 18. Nb5 Ke7 19. Ra1 Nh6 20. Be2 Rhd8 21. Bc3 Rc5 22. Nd2 Nf7 23. Ne4 Rcc8 24. Na7 Rc7 25. Nb5 Rcc8 26. Na7 Rc7 27. Nb5 Bxc3+ 28. bxc3 Rcd7 29. Nc5 Rd2 30. Nb7 R8d7 31. Nxa5 Rb2 32. Rd1 Nxa4 33. Nc6+ Ke8 34. Nb4 Rxd1+ 35. Bxd1 Nxc3 36. Nxc3 Rxb4 37. Ke2 Rb2+ 38. Kf3 f5 39. Ba4+ Ke7 40. h4 e4+ 41. Kg3 Ne5 42. f3 exf3 43. gxf3 Nd3 44. Rh2 Rxh2 45. Kxh2 Kd6 0-1

[Event "Toamna"]
[Site "Balti"]
[Date "2007.11.11"]
[Round "9"]
[White "Brandusa, Petru"]
[Black "Coset, Alexandr"]
[Result "1-0"]
[WhiteElo "2070"]
[BlackElo "2282"]
[PlyCount "91"]
[EventDate "2007.11.03"]
[EventType "tourn"]
[EventRounds "11"]
[EventCountry "MDA"]
[SourceTitle "EXT 2023"]
[Source "ChessBase"]
[SourceDate "2022.10.05"]
[SourceVersion "1"]
[SourceVersionDate "2022.10.05"]
[SourceQuality "1"]

1. Nf3 d5 2. b3 c5 3. e3 Nc6 4. Bb5 Qb6 5. a4 a6 6. Bxc6+ Qxc6 7. Bb2 Nf6 8. Ne5 Qc7 9. d3 g6 10. Nd2 Bg7 11. Ra2 0-0 12. 0-0 Ne8 13. f4 Nd6 14. Qe1 Be6 15. c4 dxc4 16. dxc4 f6 17. Nef3 b5 18. Qe2 bxc4 19. bxc4 Rab8 20. Bc3 Nf7 21. Ne1 f5 22. Bxg7 Kxg7 23. Nef3 Qd6 24. Rc1 Rfd8 25. Rc3 Rb4 26. h3 Rdb8 27. a5 Rb2 28. Rc2 Rxa2 29. Rxa2 Rb4 30. Ne1 Qc7 31. Nc2 Rb8 32. Qd3 Kg8 33. Ne1 Rb4 34. Nc2 Rb8 35. Qc3 Nd6 36. Ne1 Rb4 37. Nd3 Rb8 38. Qe5 Bf7 39. Nxc5 Qc8 40. Rc2 Rb4 41. Nd3 Ra4 42. Qxe7 Nb7 43. Ne5 Ra1+ 44. Kh2 Nd8 45. Ndf3 Rd1 46. Ng5 1-0